| 000 | 00666nam a2200193Ia 4500 | ||
|---|---|---|---|
| 003 | GCL | ||
| 008 | 140319s9999 xx 000 0 ara d | ||
| 040 |
_aGCL / _cGCL |
||
| 082 | 0 | 4 |
_a347.01 _bف ا |
| 100 | 1 | _aنبيل اسماعيل عمر | |
| 245 | 1 | 0 |
_aامتناع القاضى عن القضاء بعلمة الشخصى فى قانون المرافعات / _cنبيل اسماعيل عمر |
| 260 |
_a[S.N] : _bمنشاة المعارف الاسلامية ، _c1989 |
||
| 300 | _a172 ص | ||
| 490 |
_aالكتب القانونية _v0 |
||
| 650 | 0 | 4 | _aالقانون |
| 650 | 0 | 4 | _aقانون المرافعات |
| 650 | 0 | 4 | _aالقضاة |
| 942 |
_2ddc _cBK |
||
| 999 |
_c55680 _d55680 |
||